000 00630nam a2200241 i 4500
001 C2-0090463
003 PPAK
005 20180727092043.0
008 970513s1991 enka|||| ||||| | eng d
020 _a0450549739
040 _aPPAK
_beng
_cPPAK
_erda
082 0 4 _a823
_223
090 0 0 _a823
_bSAY
_dG
100 1 _aSayers, Dorothy L.,
_eauthor
245 1 0 _aStriding Folly
264 1 _aLondon :
_bNew English ,
_c1991
300 _a124 pages :
_billustrations ;
_c22 cm
336 _2rdacontent
_atext
337 _2rdamedia
_aunmediated
338 _2rdacarrier
_avolume
650 1 0 _aEnglish fiction
942 _ddc
_cB
999 _c18944
_d18944